000 00526cam a2200193ua 4500
001 1739
008 110716n ii |||gr||||Z||||||eng
020 _a81-237-2562-0
040 _cMAIN
082 _a363.73
100 1 _aed. by Chaliha, Dimbeswar,
_eAuthor.
245 1 _aAmi habon karu biha pan karu biha
_cby M. Moniwahakam
250 _a1st.
260 _aNew Delhi:
_bNational book Trust,999.
300 _a103p:
_c23cm.
653 _aAmi habon karu biha pan karu biha
653 _aEnvironmental science
942 _cBK
999 _c1623
_d1623